<?xml version="1.0" encoding="UTF-8"?>
<record
    xmlns:xsi="http://www.w3.org/2001/XMLSchema-instance"
    xsi:schemaLocation="http://www.loc.gov/MARC21/slim http://www.loc.gov/standards/marcxml/schema/MARC21slim.xsd"
    xmlns="http://www.loc.gov/MARC21/slim">

  <leader>01232nam2a2200277   4500</leader>
  <controlfield tag="001">RU\NLR\BIBL_A\010007612</controlfield>
  <controlfield tag="005">20250613195547.0</controlfield>
  <datafield tag="010" ind1=" " ind2=" ">
    <subfield code="a">978-5-699-65347-8</subfield>
    <subfield code="b">10000</subfield>
  </datafield>
  <datafield tag="021" ind1=" " ind2=" ">
    <subfield code="a">RU</subfield>
    <subfield code="b">2013-71328</subfield>
    <subfield code="9">567&#x434;/13</subfield>
  </datafield>
  <datafield tag="035" ind1=" " ind2=" ">
    <subfield code="a">(NLR Aleph) 010007612</subfield>
  </datafield>
  <datafield tag="090" ind1=" " ind2=" ">
    <subfield code="a">9835077</subfield>
    <subfield code="c">9835077</subfield>
  </datafield>
  <datafield tag="100" ind1=" " ind2=" ">
    <subfield code="a">20131125d2013    |||y0rusy50      ca</subfield>
  </datafield>
  <datafield tag="101" ind1="1" ind2=" ">
    <subfield code="a">rus</subfield>
    <subfield code="c">eng</subfield>
  </datafield>
  <datafield tag="102" ind1=" " ind2=" ">
    <subfield code="a">RU</subfield>
  </datafield>
  <datafield tag="105" ind1=" " ind2=" ">
    <subfield code="a">y|||z|||000ay</subfield>
  </datafield>
  <datafield tag="200" ind1="1" ind2=" ">
    <subfield code="a">&#x41C;&#x435;&#x442;&#x43A;&#x430; &#x410;&#x444;&#x438;&#x43D;&#x44B;</subfield>
    <subfield code="f">[&#x43F;&#x435;&#x440;. &#x441; &#x430;&#x43D;&#x433;&#x43B;. &#x415;. &#x415;&#x444;&#x438;&#x43C;&#x43E;&#x432;&#x43E;&#x439;]</subfield>
  </datafield>
  <datafield tag="210" ind1=" " ind2=" ">
    <subfield code="a">&#x41C;&#x43E;&#x441;&#x43A;&#x432;&#x430;</subfield>
    <subfield code="c">&#x42D;&#x43A;&#x441;&#x43C;&#x43E;</subfield>
    <subfield code="d">2013</subfield>
  </datafield>
  <datafield tag="215" ind1=" " ind2=" ">
    <subfield code="a">638 &#x441;.</subfield>
  </datafield>
  <datafield tag="461" ind1=" " ind2="0">
    <subfield code="1">001RU\NLR\bibl\1812566</subfield>
    <subfield code="1">2000#$a&#x413;&#x435;&#x440;&#x43E;&#x438; &#x41E;&#x43B;&#x438;&#x43C;&#x43F;&#x430;$e[&#x440;&#x43E;&#x43C;&#x430;&#x43D;$e&#x434;&#x43B;&#x44F; &#x441;&#x440;&#x435;&#x434;&#x43D;&#x435;&#x433;&#x43E; &#x448;&#x43A;&#x43E;&#x43B;&#x44C;&#x43D;&#x43E;&#x433;&#x43E; &#x432;&#x43E;&#x437;&#x440;&#x430;&#x441;&#x442;&#x430;]$f&#x420;&#x438;&#x43A; &#x420;&#x438;&#x43E;&#x440;&#x434;&#x430;&#x43D;$g[&#x43F;&#x435;&#x440;. &#x441; &#x430;&#x43D;&#x433;&#x43B;. &#x410;. &#x41A;&#x440;&#x44B;&#x43B;&#x43E;&#x432;&#x430;]$v&#x41A;&#x43D;. 3</subfield>
    <subfield code="1">700#1$a&#x420;&#x438;&#x43E;&#x440;&#x434;&#x430;&#x43D;$b&#x420;.$g&#x420;&#x438;&#x43A;$4070</subfield>
    <subfield code="9">1797070</subfield>
    <subfield code="a">&#x420;&#x438;&#x43E;&#x440;&#x434;&#x430;&#x43D;, &#x420;.</subfield>
    <subfield code="c">&#x41C;&#x43E;&#x441;&#x43A;&#x432;&#x430;</subfield>
    <subfield code="d">2011</subfield>
    <subfield code="f">&#x420;&#x438;&#x43A; &#x420;&#x438;&#x43E;&#x440;&#x434;&#x430;&#x43D;</subfield>
    <subfield code="n">&#x42D;&#x43A;&#x441;&#x43C;&#x43E;</subfield>
    <subfield code="o">[&#x440;&#x43E;&#x43C;&#x430;&#x43D; : &#x434;&#x43B;&#x44F; &#x441;&#x440;&#x435;&#x434;&#x43D;&#x435;&#x433;&#x43E; &#x448;&#x43A;&#x43E;&#x43B;&#x44C;&#x43D;&#x43E;&#x433;&#x43E; &#x432;&#x43E;&#x437;&#x440;&#x430;&#x441;&#x442;&#x430;]</subfield>
    <subfield code="t">&#x413;&#x435;&#x440;&#x43E;&#x438; &#x41E;&#x43B;&#x438;&#x43C;&#x43F;&#x430;</subfield>
    <subfield code="v">&#x41A;&#x43D;. 3</subfield>
  </datafield>
  <datafield tag="801" ind1=" " ind2="0">
    <subfield code="a">RU</subfield>
    <subfield code="b">NLR</subfield>
    <subfield code="c">20110926</subfield>
    <subfield code="g">RCR</subfield>
  </datafield>
  <datafield tag="801" ind1=" " ind2="1">
    <subfield code="a">RU</subfield>
    <subfield code="b">NLR</subfield>
    <subfield code="c">20110926</subfield>
  </datafield>
  <datafield tag="942" ind1=" " ind2=" ">
    <subfield code="c">BOOK</subfield>
  </datafield>
  <datafield tag="980" ind1=" " ind2=" ">
    <subfield code="a">NB</subfield>
  </datafield>
  <datafield tag="995" ind1=" " ind2=" ">
    <subfield code="5">2013-11-25</subfield>
    <subfield code="a">ad</subfield>
    <subfield code="b">NLR01</subfield>
    <subfield code="c">NLR01</subfield>
    <subfield code="e">RF8</subfield>
    <subfield code="f">1-29989</subfield>
    <subfield code="k">2011-3/26017</subfield>
    <subfield code="o">0</subfield>
    <subfield code="r">BOOK</subfield>
    <subfield code="s">2011326017_</subfield>
  </datafield>
  <datafield tag="995" ind1=" " ind2=" ">
    <subfield code="5">2013-11-25</subfield>
    <subfield code="a">ad</subfield>
    <subfield code="b">NLR01</subfield>
    <subfield code="c">NLR01</subfield>
    <subfield code="e">OBM</subfield>
    <subfield code="f">1-29990</subfield>
    <subfield code="o">0</subfield>
    <subfield code="p">130.00</subfield>
    <subfield code="r">BOOK</subfield>
  </datafield>
</record>
